Deutsche Städte mit B - Statistiken

Allgemein
  • Dieses Quiz wurde 71 mal gespielt
  • Das Durchschnittsergebnis liegt bei 56 aus 259
Antwortstatistiken
Einwohner Bundesland Regierungsbezirk (Land-)kreis
Verbandsgemeinde / Verwaltungsgemeinschaft / Samtgemeinde / erfüllende Gemeinde für... / Gemeindeverwaltungsverband
Stadt % Korrekt
3.782.202 Berlin - - - Berlin
97%
577.026 Bremen - - Hansestadt Bremen
95%
252.066 Niedersachsen - - - Braunschweig
92%
335.789 Nordrhein-Westfalen Köln - - Bonn
91%
80.580 Bayern Oberfranken - - Bamberg
89%
366.385 Nordrhein-Westfalen Arnsberg - - Bochum
88%
114.677 Bremen - - - Bremerhaven
88%
22.738 Sachsen-Anhalt - Jerichower Land - Burg (bei Magdeburg)
88%
5.289 Mecklenburg-Vorpommern - Mecklenburgische Seenplatte Stargarder Land Burg Stargard
88%
338.410 Nordrhein-Westfalen Detmold - - Bielefeld
86%
9.010 Sachsen - Mittelsachsen - Brand-Erbisdorf
86%
74.907 Bayern Oberfranken - - Bayreuth
84%
57.025 Baden-Württemberg Karlsruhe - - Baden-Baden
78%
52.529 Rheinland-Pfalz - Bad Kreuznach - Bad Kreuznach
77%
43.589 Nordrhein-Westfalen Münster Borken - Borken
75%
12.565 Hessen Kassel Schwalm-Eder-Kreis - Borken (Hessen)
75%
112.660 Nordrhein-Westfalen Köln Rheinisch-Bergischer Kreis - Bergisch Gladbach
73%
51.460 Baden-Württemberg Stuttgart Böblingen - Böblingen
73%
73.921 Brandenburg - - - Brandenburg an der Havel
73%
38.140 Sachsen - Bautzen - Bautzen
72%
26.309 Rheinland-Pfalz - Mainz-Bingen - Bingen am Rhein
70%
34.008 Baden-Württemberg Tübingen Biberach - Biberach an der Riß
67%
118.705 Nordrhein-Westfalen Münster - - Bottrop
63%
23.245 Bayern Unterfranken Bad Kissingen - Bad Kissingen
61%
19.360 Bayern Oberbyabern Bad Tölz-Wolfratshausen - Bad Tölz
59%
18.818 Rheinland-Pfalz - Bad Dürkheim - Bad Dürkheim
55%
37.850 Sachsen-Anhalt - Anhalt-Bitterfeld - Bitterfeld-Wolfen
53%
7.156 Rheinland-Pfalz - Bernkastel-Wittlich Bernkastel-Kues Bernkastel-Kues
52%
7.220 Rheinland-Pfalz - Birkenfeld Birkenfeld Birkenfeld
52%
72.409 Nordrhein-Westfalen Münster Borken - Bocholt
52%
9.936 Rheinland-Pfalz - Rhein-Lahn-Kreis Bad Ems-Nassau Bad Ems
48%
55.995 Hessen Darmstadt Hochtaunuskreis - Bad Homburg vor der Höhe
47%
3.421 Sachsen - Sächsische Schweiz-Ostergebirge Bad Schandau Bad Schandau
45%
13.689 Mecklenburg-Vorpommern - Vorpommern-Rügen Bergen auf Rügen Bergen auf Rügen
45%
13.520 Niedersachen - Celle - Bergen (Landkreis Celle)
45%
4.065 Bayern Oberfranken Bamberg Baunach Baunach
44%
16.251 Niedersachsen - Grafschaft Bentheim - Bad Bentheim
42%
54.585 Nordrhein-Westfalen Detmold Lippe - Bad Salzuflen
42%
10.686 Sachsen - Bautzen Bischofswerda Bischofswerda
42%
41.256 Niedersachsen - Stade - Buxtehude
42%
9.943 Niedersachsen - Uelzen Bevensen-Ebstorf Bad Bevensen
41%
9.740 Rheinland-Pfalz - Ahrweiler Bad Breisig Bad Breisig
41%
4.560 Rheinland-Pfalz - Birkenfeld Baumholder Baumholder
41%
62.172 Nordrhein-Westfalen Köln Rhein-Erft-Kreis - Bergheim
41%
10.223 Rheinland-Pfalz - Altenkirchen (Westerwald) Betzdorf-Gebhardshain Betzdorf
41%
16.852 Rheinland-Pfalz - Eifelkreis Bitburg-Prüm - Bitburg
41%
8.732 Rheinland-Pfalz - Südliche Weinstraße Bad Bergzabern Bad Bergzabern
39%
6.133 Rheinland-Pfalz - Neuwied Bad Hönningen Bad Hönningen
39%
3.759 Sachsen - Görtlitz Bad Muskau Bad Muskau
39%
2.497 Thüringen - Unstrut-Hainich-Kreis Bad Tennstedt Bad Tennstedt
39%
8.844 Niedersachsen - Osnabrück Bersenbrück Bersenbrück
39%
6.120 Brandenburg - Barnim Biesenthal-Barnim Biesenthal
39%
1.835 Brandenburg - Uckermark Brüssow (Uckermark) Brüssow
38%
8.181 Mecklenburg-Vorpommern - Rostock Bützow-Land Bützow
38%
30.770 Hessen Kassel Hersfeld-Rotenburg - Bad Hersfeld
36%
12.766 Bayern Mittelfranken Neustadt an der Aisch-Bad Windsheim - Bad Windsheim
36%
34.945 Baden-Württemberg Tübingen Zollernalbkreis - Balingen
36%
2.515 Bayern Oberfranken Bayreuth Betzenstein Betzenstein
36%
43.755 Baden-Württemberg Stuttgart Ludwigsburg - Bietigheim-Bissingen
36%
8.191 Sachsen - Leipzig Bad Lausick Bad Lausick
34%
18.891 Schleswig-Holstein - Segeberg - Bad Segeberg
34%
2.577 Brandenburg - Prignitz Bad Wilsnack/Weisen Bad Wilsnack
34%
5.618 Niedersachsen - Holzminden Bodenwerder-Polle Bodenwerder
34%
10.333 Bayern Niederbayern Straubing-Bogen - Bogen
34%
3.464 Bayern Mittelfranken Neustadt an der Aisch-Bad Windsheim Burgbernheim Burgbernheim
34%
6.238 Rheinland-Pfalz - Westerwaldkreis Bad Marienberg (Westerwald) Bad Marienberg (Westerwald)
33%
26.669 Rheinland-Pfalz - Ahrweiler - Bad Neuenahr-Ahrweiler
33%
41.758 Hessen Darmstadt Bergstraße - Bensheim
33%
45.515 Nordrhein-Westfalen Köln Rhein-Erft-Kreis - Brühl (Rheinland)
33%
41.290 Niedersachsen - Harburg - Buchholz in der Nordheide
33%
10.402 Sachsen - Mittelsachsen Burgstädt Burgstädt
33%
5.541 Sachsen - Sächsische Schweiz-Osterzgebirge Bad Gottleuba-Berggießhübel Bad Gottleuba-Berggießhübel
31%
46.587 Baden-Württemberg Karlsruhe Karlsruhe - Bruchsal
30%
14.119 Bayern Schwaben Ostallgäu Buchloe Buchloe
30%
3.070 Thüringen - Saale-Holzland-Kreis für Graitschen bei Bürgel, Nausnitz, Poxdorf Bürgel
30%
19.604 Niedersachsen - Hameln-Pyrmont - Bad Pyrmont
28%
19.494 Bayern Oberbayern Altötting - Burghausen
28%
24.564 Baden-Württemberg Stuttgart Main-Tauber-Kreis - Bad Mergentheim
27%
19.087 Bayern Oberbayern Berchtesgadener Land - Bad Reichenhall
27%
28.298 Hessen Kassel Kassel - Baunatal
27%
44.254 Brandenburg - Barnim - Bernau bei Berlin
27%
13.717 Hessen Gießen Marburg-Biedenkopf - Biedenkopf
25%
15.720 Bayern Unterfranken Rhön-Grabfeld - Bad Neustadt an der Saale
23%
49.475 Nordrhein-Westfalen Arnsberg Unna - Bergkamen
23%
32.106 Sachsen-Anhalt - Salzlandkreis - Bernburg (Saale)
23%
5.012 Niedersachsen - Leer - Borkum
23%
37.957 Baden-Württemberg Stuttgart Rems-Murr-Kreis - Backnang
22%
49.074 Nordrhein-Westfalen Köln Rhein-Sieg-Kreis - Bornheim (Rheinland)
22%
29.133 Baden-Württemberg Karlsruhe Rastatt - Bühl
22%
18.833 Nordrhein-Westfalen Arnsberg Siegen-Wittgenstein - Bad Berleburg
20%
26.025 Nordrhein-Westfalen Köln Rhein-Sieg-Kreis - Bad Honnef
20%
20.169 Schleswig-Holstein - Ostholstein - Bad Schwartau
20%
31.302 Niedersachsen - Region Hannover - Burgdorf
20%
19.745 Bayern Oberbayern Rosenheim - Bad Aibling
19%
9.253 Brandenburg - Elbe-Elster Liebenwerda Bad Liebenwerda
19%
25.104 Schleswig-Holstein - Stormarn - Bad Oldesloe
19%
36.021 Hessen Darmstadt Wetteraukreis - Bad Vilbel
19%
15.616 Rheinland-Pfalz - Rhein-Hunsrück-Kreis - Boppard
19%
31.801 Niedersachsen - Osnabrück - Bramsche
19%
30.073 Baden-Württemberg Karlsruhe Karlsruhe - Bretten
19%
22.607 Hessen Darmstadt Wetteraukreis - Büdingen
19%
5.992 Thüringen - Saalfeld-Rudolstadt - Bad Blankenburg
17%
12.954 Mecklenburg-Vorpommern - Rostock - Bad Doberan
17%
16.884 Nordrhein-Westfalen Detmold Paderborn - Bad Lippspringe
17%
33.809 Hessen Darmstadt Wetteraukreis - Bad Nauheim
17%
10.759 Hessen Darmstadt Main-Kinzig-Kreis - Bad Orb
17%
23.133 Thüringen - Wartburgkreis für Leimbach Bad Salzungen
17%
12.812 Baden-Württemberg Tübingen Reutlingen - Bad Urach
17%
7.398 Baden-Würremberg Stuttgart Heilbronn - Bad Wimpfen
17%
35.156 Niedersachesn - Region Hannover - Barsinghausen
17%
19.034 Sachsen-Anhalt - Harz - Blankenburg (Harz)
17%
25.624 Nordrhein-Westfalen Arnsberg Hochsauerlandkreis - Brilon
17%
18.018 Baden-Württemberg Karlsruhe Neckar-Odenwald-Kreis - Buchen (Odenwald)
17%
10.559 Niedersachsen - Oldenburg - Bad Iburg
16%
11.289 Niedersachsen - Schaumburg Nenndorf Bad Nenndorf
16%
17.473 Hessen Kassel Waldeck-Frankenberg - Bad Wildungen
16%
17.683 Bayern Schwaben Unterallgäu - Bad Wörishofen
16%
37.452 Nordrhein-Westfalen Münster Warendorf - Beckum
16%
17.221 Rheinland-Pfalz - Mayen-Koblenz - Bendorf
16%
12.665 Baden-Württemberg Tübingen Alb-Donau-Kreis - Blaubeuren
16%
15.102 Niedersachsen - Wesermarsch - Brake (Unterweser)
16%
5.495 Niedersachsen - Goslar - Braunlage
16%
19.023 Niedersachsen - Rotenburg (Wümme) - Bremervörde
16%
22.356 Baden-Württemberg Stuttgart Heilbronn - Bad Rappenau
14%
23.174 Hessen Darmstadt Main-Taunus-Kreis - Bad Soden am Taunus
14%
13.960 Hessen Darmstadt Main-Kinzig-Kreis - Bad Soden-Salmünster
14%
13.908 Hessen Kassel Hersfeld-Rotenburg - Bebra
14%
19.470 Sachsen - Leipzig - Borna
14%
15.793 Baden-Württemberg Freiburg Breisgau-Hochschwarzwald - Breisach am Rhein
14%
1.837 Rheinland-Pfalz - Mainz-Bingen Rhein-Nahe Bacharach
13%
15.451 Schleswig-Holstein - Segeberg - Bad Bramstedt
13%
19.962 Baden-Württemberg Stuttgart Heilbronn - Bad Friedrichshall
13%
21.738 Niedersachsen - Goslar - Bad Harzburg
13%
9.857 Hessen Darmstadt Odenwaldkreis - Bad König
13%
17.338 Thüringen - Unstrut-Hainich-Kreis - Bad Langensalza
13%
17.702 Baden-Württemberg Tübingen Sigmaringen - Bad Saulgau
13%
20.630 Baden-Württemberg Tübingen Ravensburg - Bad Waldsee
13%
15.891 Nordrhein-Westfalen Detmold Herford - Bünde
13%
14.229 Hessen Gießen Limburg-Weilburg - Bad Camberg
11%
8.212 Baden-Württemberg Karlsruhe Calw - Bad Herrenalb
11%
9.795 Baden-Württemberg Karlsruhe Calw - Bad Liebenzell
11%
12.909 Baden-Württemberg Stuttgart Ludwigsburg - Besigheim
11%
20.202 Saarland - Saarlpfalz-Kreis - Blieskastel
11%
18.022 Bayern Schwaben Augsburg - Bobingen
11%
16.310 Nordrhein-Westfalen Detmold Höxter - Brakel
11%
12.651 Schleswig-Holstein - Dithmarschen - Brunsbüttel
11%
21.524 Nordrhein-Westfalen Detmold Paderborn - Büren (Westfalen)
11%
7.385 Thüringen - Weimarer Land - Bad Berka
9%
19.496 Nordrhein-Westfalen Detmold Höxter - Bad Driburg
9%
11.801 Sachsen-Anhalt - Saalekreis - Bad Dürrenberg
9%
21.684 Baden-Württemberg Freiburg Breisgau-Hochschwarzwald - Bad Krozingen
9%
17.511 Niedersachsen - Hameln-Pyrmont - Bad Münder am Deister
9%
17.660 Baden-Württemberg Freiburg Waldshut - Bad Säckingen
9%
9.118 Baden-Württemberg Tübingen Biberach - Bad Schussenried
9%
13277 Nordrhein-Westfalen Detmold Höxter - Beverungen
9%
7.022 Baden-Württemberg Freiburg Waldshut - Bonndorf im Schwarzwald
9%
4.248 Brandenburg - Potsdam-Mittelmark - Brück
9%
19.754 Niedersachsen - Schaumburg - Bückeburg
9%
16.980 Hessen Darmstadt Bergstraße - Bürstadt
9%
15.984 Hessen Kassel Waldeck-Frankenberg - Bad Arolsen
8%
13.659 Baden-Württemberg Freiburg Schwarzwald-Baar-Kreis - Bad Dürrheim
8%
3.644 Sachsen - Vogtlandkreis - Bad Elster
8%
12.340 Niedersachsen - Heidekreis - Bad Fallingbostel
8%
11.602 Hessen Darmstadt Rheingau-Taunus-Kreis - Bad Schwalbach
8%
28.005 Nordrhein-Westfalen Köln Städteregion Aachen - Baesweiler
8%
16.320 Schleswig-Holstein - Stormarn - Bargteheide
8%
24.645 Nordrhein-Westfalen Köln Rhein-Erft-Kreis - Bedburg
8%
13.794 Brandenburg - Potsdam-Mittelmark - Beelitz
8%
18.621 Nordrhein-Westfalen Köln Oberbergischer Kreis - Bergneustadt
8%
20.506 Niedersachsen - Region Hannover - Burgwedel
8%
27.528 Hessen Darmstadt Wetteraukries - Butzbach
8%
4.636 Baden-Württemberg Tübingen Biberach - Bad Buchau
6%
10.042 Thüringen - Kyffhäuserkreis - Bad Frankenhausen
6%
9.279 Bayern Niederbayern Passau - Bad Griesbach im Rottal
6%
13.504 Nordrhein-Westfalen Arnsberg Siegen-Wittgenstein - Bad Laasphe
6%
7.697 Thüringen - Wartburgkreis - Bad Liebenstein
6%
8.053 Sachsen-Anhalt - Wittenberg - Bad Schmiedeberg
6%
15.061 Baden-Württemberg Tübingen Ravensburg - Bad Wurzach
6%
8.777 Mecklenburg-Vorpommern - Vorpommern-Rügen - Barth
6%
4.756 Bayern Unterfranken Rhön-Grabfeld - Bischofsheim an der Rhön
6%
16.667 Baden-Württemberg Tübingen Alb-Donau-Kreis - Blaustein
6%
15.417 Nordrhein-Westfalen Detmold Lippe - Blomberg
6%
10.829 Mecklenburg-Vorpommern - Ludwigslust-Parchim - Boizenburg/Elbe
6%
6.698 Baden-Württemberg Stuttgart Main-Tauber-Kreis - Boxberg (Baden)
6%
14.527 Bayern Oberpfalz Schwandorf - Burglengenfeld
6%
19.005 Nordrhein-Westfalen Köln Rheinisch-Bergischer-Kreis - Burscheid
6%
17.579 Hessen Darmstadt Darmstadt-Dieburg - Babenhausen (Hessen)
5%
11.216 Brandenburg - Potsdam-Mittelmark - Bad Belzig
5%
4.526 Bayern Oberfranken Bayreuth - Bad Berneck im Fichtelgebirge
5%
7.880 Sachsen - Nordsachsen - Bad Düben
5%
12.296 Brandenburg - Märkisch-Oderland - Bad Freienwalde (Oder)
5%
9.552 Niedersachsen - Northeim - Bad Gandersheim
5%
10.651 Bayern Oberfranken Lichtenfels - Bad Staffelstein
5%
10.495 Baden-Württemberg Karlsruhe Calw - Bad Wildbad
5%
8.272 Brandenburg - Oder-Spree - Beeskow
5%
11.790 Nordrhein-Westfalen Münster Coesfeld - Billerbeck
5%
9.785 Niedersachsen - Hildesheim - Bockenem
5%
9.252 Nordrhein-Westfalen Detmold Gütersloh - Borgholzhausen
5%
11.167 Hessen Gießen Lahn-Dill-Kreis - Braunfels
5%
9.120 Nordrhein-Westfalen Arnsberg Ennepe-Ruhr-Kreis - Breckerfeld
5%
7.556 Hessen Darmstadt Odenwaldkreis - Breuberg
5%
6.459 Bayern Oberfranken Lichtenfels - Burgkunstadt
5%
6.674 Bayern Unterfranken Bad Kissingen - Bad Brückenau
3%
3.672 Thüringen - Greiz Caaschwitz Bad Köstritz
3%
7.493 Bayern Oberpfalz Cham - Bad Kötzting
3%
49.566 Nordrhein-Westfalen Detmold Minden-Lübbecke - Bad Oeyenhausen
3%
7.428 Niedersachsen - Göttingen - Bad Sachsa
3%
13.520 Niedersachsen - Hildesheim - Bad Salzdetfurth
3%
6.495 Rheinland-Pfalz - Bad Kreuznach Nahe-Glan Bad Sobernheim
3%
12.546 Nordrhein-Westfalen Detmold Paderborn - Bad Wünnenberg
3%
8.682 Sachsen-Anhalt - Harz - Ballenstedt
3%
4.314 Brandenburg - Teltow-Fläming - Baruth/Mark
3%
16.794 Niedersachsen - Diepholz - Bassum
3%
5.585 Hessen Kassel Waldeck-Frankenberg - Battenberg (Eder)
3%
10.282 Bayern Oberbayern Eichstätt - Beilngries
3%
6.210 Baden-Württemberg Stuttgart Heilbronn Schozach-Bottwartal Beilstein (Württemberg)
3%
6.609 Thüringen - Weimarer Land - Blankenhain
3%
10.151 Thüringen - Nordhausen für Großlohra, Kehmstedt, Kleinfurra, Lipprechterode, Niedergebra Bleicherode
3%
11.755 Baden-Württemberg Stuttgart Ostalbkreis - Bopfingen
3%
8.673 Nordrhein-Westfalen Detmold Höxter - Borgentreich
3%
6.014 Baden-Württemberg Freiburg Schwarzwald-Baar-Kreis - Bräunlingen
3%
10.628 Bayern Schaben Günzburg - Burgau
3%
6.176 Bayern Unterfranken Rhön-Grabfeld - Bad Königshofen im Grabfeld
2%
8.995 Sachsen-Anhalt - Saalekreis - Bad Lauchstädt
2%
6.643 Bayern Oberfranken Coburg - Bad Rodach
2%
8.161 Thüringen - Weimarer Land für Eberstedt, Großheringen, Niedertrebra, Obertrebra, Schmiedehausen, Rannstedt Bad Sulza
2%
1.796 Mecklenburg-Vorpommern - Vorpommern-Rügen Recknitz-Trebetal Bad Sülze
2%
8.074 Bayern Mittelfranken Erlangen-Höchstadt - Baiersdorf
2%
3.173 Sachsen - Görtlitz - Bernstadt auf dem Eigen
2%
17.663 Saarland - Saarpfalz-Kreis - Bexbach
2%
9.694 Niedersachsen - Lüneburg - Bleckede
2%
10.256 Baden-Württemberg Freiburg Schwarzwald-Baar-Kreis - Blumberg
2%
8.381 Baden-Württemberg Stuttgart Ludswigsburg - Bönnigheim
2%
16.521 Baden-Württemberg Stuttgart Heilbronn - Brackenheim
2%
9.676 Sachsen - Leipzig - Brandis
2%
2.975 Rheinland-Pfalz - Rhein-Lahn-Kreis Loreley Braubach
2%
10.413 Sachsen-Anhalt - Saalekreis - Braunsbedra
2%
5.826 Schleswig-Holstein - Nordfriesland Mittleres Nordfriesland Bredstedt
2%
2.602 Sachsen-Anhalt - Burgenlandkreis An der Finne Bad Bibra
0%
3.701 Hessen Kassel Kassel - Bad Karlshofen
0%
10.258 Niedersachsen - Göttingen - Bad Lauerberg im Harz
0%
3.251 Baden-Württemberg Karlsruhe Calw - Bad Teinach-Zavelstein
0%
11.108 Nordrhein-Westfalen Arnsberg Märkischer Kreis - Balve
0%
8.023 Sachsen-Anhalt - Salzlandkreis - Barby
0%
3.077 Bayern Oberpfalz Tirschenreuth - Bärenau
0%
10.683 Schleswig-Holstein - Pinneberg - Barmstedt
0%
8.522 Nordrhein-Westfalen Detmold Lippe - Barntrup
0%
7.577 Sachsen - Nordsachsen - Belgern-Schildau
0%
9.063 Bayern Oberpfalz Neumarkt in der Oberpfalz - Berching
0%
5.933 Thüringen - Greiz - Berga-Wünschendorf
0%
6.257 Sachsen - Bautzen - Bernsdorf (Oberlausitz)
0%
7.899 Sachsen-Anhalt - Stendal - Bismark (Altmark)
0%
6.931 Sachsen - Leipzig - Böhlen (Sachsen)
0%
20.894 Hessen Darmstadt Main-Kinzig-Kreis - Brcuköbel
0%
5.587 Thüringen - Schmalkalden-Meiningen - Brotterode-Trusetal
0%
2.626 Mecklenburg-Vorpommern - Ludwigslust-Parchim Sternberger Seenlandschaft Brüel
0%
1.493 Brandenburg - Märisch-Oderland Märkische Schweiz Buckow (Märkische Schweiz)
0%
10.470 Schleswig-Holstein - Rendsburg-Eckernförde - Büdelsdorf
0%
12.273 Baden-Württemberg Tübingen Zollernalbkreis - Burladeingen
0%
Keine übereinstimmenden Quizze gefunden
Verteilung der Resultate
Anzahl Personen mit jedem Resultat
Perzentil nach korrekt beantworteten Fragen
Ihre Resultats-Entwicklung
Sie haben dieses Quiz noch nicht gespielt